La escuela como espacio de definición de política /

La escuela podría constituirse en un espacio de definición de política educacional, si lograra intensificar el uso de los recursos de decisión con que cuenta.\Esta posibilidad le permitiría dejar de ser un centro burocrático, para construir un centro en el cual el poder de decisión circule horizonta...

Full description

Bibliographic Details
Main Author: Williner Martina, Alicia M.
Format: Analitica de revista
Language:Spanish
Published: Santiago, Chile Pontificia Universidad Católica de Chile 2002

MARC

LEADER 00000cab a2200000 a 4500
001 036530
003 UAHC_CL
005 20170803124010.0
008 030922s1994 cl f 000 spa
040 |a UAHC_CL  |c UAHC_CL  |d UAHC_CL 
100 1 |a Williner Martina, Alicia M. 
245 1 3 |a La escuela como espacio de definición de política /  |c Alicia M. Williner Martina. 
260 |b Pontificia Universidad Católica de Chile  |c 2002  |a Santiago, Chile 
300 |a p. 236-255 
500 |a En: Pensamiento educativo, nû31, 2002. p.236-255. ISSN 07171013. 
500 |a En: Pensamiento educativo, n°31, 2002. p.236-255. ISSN 07171013. 
500 |a En: Pensamiento educativo, nç31, 2002. p.236-255. ISSN 07171013. 
520 |a La escuela podría constituirse en un espacio de definición de política educacional, si lograra intensificar el uso de los recursos de decisión con que cuenta.\Esta posibilidad le permitiría dejar de ser un centro burocrático, para construir un centro en el cual el poder de decisión circule horizontalmente, a través de procesos de participación, mediante los cuales se articule la acción colectiva, para lograr transitar el camino de una autonomía relativa en todos los ámbitos de la vida escolar, a una autonomía más radical.\Esta situación podría ser posible siempre que, en los sujetos que conforman la organización, predomine un interés emancipador y el ejercicio de la acción comunicativa. 
520 |a La escuela podría constituirse en un espacio de definición de política educacional, si lograra intensificar el uso de los recursos de decisión con que cuenta.\Esta posibilidad le permitiría dejar de ser un centro burocrático, para construir un centro en el cual el poder de decisión circule horizontalmente, a través de procesos de participación, mediante los cuales se articule la acción colectiva, para lograr transitar el camino de una autonomía relativa en todos los ámbitos de la vida escolar, a una autonomía más radical.\Esta situación podría ser posible siempre que, en los sujetos que conforman la organización, predomine un interés emancipador y el ejercicio de la acción comunicativa. 
759 |a PP160 
773 0 |t Revista PRELAC  |w 041234 
900 |a PENSAMIENTO EDUCATIVO-31/02 
942 |c REVA 
952 |0 0  |1 0  |4 0  |6 PENSAMIENTO_EDUCATIVO31_02_000000000000000  |7 0  |8 General  |9 69251  |a BC  |b BC  |c General  |d 2017-08-03  |l 0  |o PENSAMIENTO EDUCATIVO-31/02  |p FICTICIO4964  |r 2019-01-08 00:00:00  |t 1  |w 2017-08-03  |y REVA 
999 |c 36530  |d 36530